Statistics for New _____

Click here to take the quiz!

General Stats

  • This quiz has been taken 21 times
  • The average score is 4 of 9

Answer Stats

HintAnswer% Correct
NewYork
100%
NewHampshire
75%
NewJersey
75%
NewMexico
70%
NewOrleans
45%
NewBalance
15%
NewSuper Mario Bros. Deluxe
0%
NewSuper Mario Bros. U
0%
NewSuper Mario Bros. Wii
0%

Score Distribution

Percentile by Number Answered

Percent of People with Each Score

Your Score History

You have not taken this quiz